| 000 | 00408 a2200133 4500 | ||
|---|---|---|---|
| 245 |
_arise and fall of Renaissance France _b : 1483-1610 _hprint |
||
| 020 | _a0631227288 (alk. pap | ||
| 250 | _a2nd ed. | ||
| 700 | _aKnecht, R. J. (Robert Jean) | ||
| 005 | 20191017174305.0 | ||
| 260 |
_aenk _bBlackwell _c2001 |
||
| 084 | _aDC110 .K64 2001 | ||
| 300 |
_axvi, 591 p. : maps _b 24 cm. _cxvi, 591 p. : maps ; 24 cm. |
||
| 500 | _aR.J. Knecht. | ||
| 999 |
_c11423 _d11423 |
||